[Event "Warsaw zt-B"]
[Site "Warsaw"]
[Date "1979.??.??"]
[Round "6"]
[White "Schmidt, Wlodzimierz"]
[Black "Adorjan, Andras"]
[Result "1/2-1/2"]
[WhiteElo "2430"]
[BlackElo "2525"]
[PlyCount "63"]
[EventDate "1979.01.??"]
[EventType "tourn"]
[EventRounds "9"]
[EventCountry "POL"]
[EventCategory "10"]
[Source "ChessBase"]
[SourceDate "1999.07.01"]
[WhiteTeamCountry "GER"]
[BlackTeamCountry "HUN"]

1. d4 Nf6 2. c4 e6 3. Nf3 b6 4. g3 Ba6 5. Qa4 c5 6. Bg2 Bb7 7. O-O Be7 8. Nc3
O-O 9. Rd1 cxd4 10. Nxd4 Bxg2 11. Kxg2 Qc8 12. e4 Qb7 13. f3 a6 14. Be3 d6 15.
Qc2 Nbd7 16. Rac1 Rac8 17. Qe2 Rfe8 18. b3 Bf8 19. Qd2 d5 20. exd5 exd5 21.
Nxd5 Nxd5 22. cxd5 Rxc1 23. Qxc1 Qxd5 24. Nc2 Qc6 25. Ne1 Qb7 26. Nd3 h6 27.
Qd2 Nf6 28. Nf2 Re6 29. Bd4 Rd6 30. Qe2 Re6 31. Qd3 Rd6 32. Qe2 1/2-1/2

[Event "Warsaw zt-B"]
[Site "Warsaw"]
[Date "1979.??.??"]
[Round "7"]
[White "Adorjan, Andras"]
[Black "Ermenkov, Evgenij"]
[Result "1/2-1/2"]
[WhiteElo "2525"]
[BlackElo "2495"]
[PlyCount "28"]
[EventDate "1979.01.??"]
[EventType "tourn"]
[EventRounds "9"]
[EventCountry "POL"]
[EventCategory "10"]
[Source "ChessBase"]
[SourceDate "1999.07.01"]
[WhiteTeamCountry "GER"]
[BlackTeamCountry "HUN"]

1. c4 g6 2. Nc3 c5 3. g3 Bg7 4. Bg2 Nc6 5. a3 e6 6. Rb1 a5 7. e4 Nge7 8. Nge2
d6 9. d3 b6 10. O-O Bb7 11. Be3 Nd4 12. b4 axb4 13. axb4 Bc6 14. Qd2 O-O
1/2-1/2

[Event "Warsaw zt-B"]
[Site "Warsaw"]
[Date "1979.??.??"]
[Round "8"]
[White "Adorjan, Andras"]
[Black "Ghinda, Mihail Viorel"]
[Result "1/2-1/2"]
[WhiteElo "2525"]
[BlackElo "2455"]
[PlyCount "32"]
[EventDate "1979.01.??"]
[EventType "tourn"]
[EventRounds "9"]
[EventCountry "POL"]
[EventCategory "10"]
[Source "ChessBase"]
[SourceDate "1999.07.01"]
[WhiteTeamCountry "GER"]
[BlackTeamCountry "HUN"]

1. c4 e6 2. d4 Nf6 3. Nf3 d5 4. Bg5 Be7 5. Nc3 O-O 6. e3 Nbd7 7. Rc1 c6 8. Bd3
dxc4 9. Bxc4 Nd5 10. Bxe7 Qxe7 11. Ne4 N5f6 12. Nc3 Nd5 13. O-O Nxc3 14. Rxc3
e5 15. dxe5 Nxe5 16. Nxe5 Qxe5 1/2-1/2

[Event "Warsaw zt-B"]
[Site "Warsaw"]
[Date "1979.??.??"]
[Round "9"]
[White "Ghitescu, Theodor"]
[Black "Adorjan, Andras"]
[Result "1/2-1/2"]
[WhiteElo "2400"]
[BlackElo "2525"]
[PlyCount "24"]
[EventDate "1979.01.??"]
[EventType "tourn"]
[EventRounds "9"]
[EventCountry "POL"]
[EventCategory "10"]
[Source "ChessBase"]
[SourceDate "1999.07.01"]
[WhiteTeamCountry "GER"]
[BlackTeamCountry "HUN"]

1. Nf3 c5 2. c4 Nf6 3. Nc3 Nc6 4. e3 e6 5. d4 d5 6. a3 Ne4 7. Qc2 Nxc3 8. Qxc3
cxd4 9. Nxd4 Nxd4 10. Qxd4 dxc4 11. Qxd8+ Kxd8 12. Bxc4 Bd6 1/2-1/2

[Event "FRG-ch int+"]
[Site "Munich"]
[Date "1979.02.25"]
[Round "1"]
[White "Balashov, Yuri"]
[Black "Adorjan, Andras"]
[Result "1-0"]
[WhiteElo "2600"]
[BlackElo "2525"]
[PlyCount "59"]
[EventDate "1979.02.25"]
[EventType "tourn"]
[EventRounds "15"]
[EventCountry "GER"]
[EventCategory "10"]
[Source "ChessBase"]
[SourceDate "1999.07.01"]
[WhiteTeamCountry "GER"]
[BlackTeamCountry "HUN"]

1. e4 c5 2. Nc3 Nc6 3. g3 g6 4. Bg2 Bg7 5. d3 d6 6. f4 e6 7. Nf3 Nge7 8. O-O
O-O 9. Bd2 b6 10. Rb1 Bb7 11. a3 Qd7 12. Ne2 Nd4 13. Nexd4 cxd4 14. Qe2 Rac8
15. Rbc1 a5 16. Qf2 e5 17. c4 f5 18. exf5 Nxf5 19. fxe5 dxe5 20. Qe1 h6 21.
Nxe5 Bxe5 22. Bxb7 Qxb7 23. Qxe5 Rce8 24. Qd5+ Qxd5 25. cxd5 Re2 26. Rf2 Rxf2
27. Kxf2 Ne3+ 28. Ke2 Nxd5 29. Bxh6 Re8+ 30. Kf3 1-0

[Event "FRG-ch int+"]
[Site "Munich"]
[Date "1979.02.26"]
[Round "2"]
[White "Adorjan, Andras"]
[Black "Robatsch, Karl"]
[Result "1/2-1/2"]
[WhiteElo "2525"]
[BlackElo "2435"]
[PlyCount "25"]
[EventDate "1979.02.25"]
[EventType "tourn"]
[EventRounds "15"]
[EventCountry "GER"]
[EventCategory "10"]
[Source "ChessBase"]
[SourceDate "1999.07.01"]
[WhiteTeamCountry "GER"]
[BlackTeamCountry "HUN"]

1. c4 Nf6 2. Nc3 e6 3. Nf3 b6 4. g3 Bb7 5. Bg2 Be7 6. O-O O-O 7. d4 Ne4 8. Qc2
Nxc3 9. Qxc3 c5 10. b3 Bf6 11. Bb2 Nc6 12. Qd2 d6 13. e4 1/2-1/2

[Event "FRG-ch int+"]
[Site "Munich"]
[Date "1979.02.27"]
[Round "3"]
[White "Unzicker, Wolfgang"]
[Black "Adorjan, Andras"]
[Result "1/2-1/2"]
[WhiteElo "2530"]
[BlackElo "2525"]
[PlyCount "40"]
[EventDate "1979.02.25"]
[EventType "tourn"]
[EventRounds "15"]
[EventCountry "GER"]
[EventCategory "10"]
[Source "ChessBase"]
[SourceDate "1999.07.01"]
[WhiteTeamCountry "GER"]
[BlackTeamCountry "HUN"]

1. e4 c5 2. Nf3 Nc6 3. d4 cxd4 4. Nxd4 Nf6 5. Nc3 e6 6. Ndb5 d6 7. Bf4 e5 8.
Bg5 a6 9. Na3 b5 10. Bxf6 gxf6 11. Nd5 f5 12. Bd3 Be6 13. c4 Qa5+ 14. Kf1 fxe4
15. Bxe4 Bg7 16. Ne3 Rc8 17. Qxd6 Nd4 18. Bb7 Rd8 19. Bc6+ Nxc6 20. Qxc6+ Bd7
1/2-1/2

[Event "FRG-ch int+"]
[Site "Munich"]
[Date "1979.02.28"]
[Round "4"]
[White "Adorjan, Andras"]
[Black "Dankert, Peter"]
[Result "1/2-1/2"]
[WhiteElo "2525"]
[BlackElo "2360"]
[PlyCount "32"]
[EventDate "1979.02.25"]
[EventType "tourn"]
[EventRounds "15"]
[EventCountry "GER"]
[EventCategory "10"]
[Source "ChessBase"]
[SourceDate "1999.07.01"]
[WhiteTeamCountry "GER"]
[BlackTeamCountry "HUN"]

1. e4 Nf6 2. e5 Nd5 3. d4 d6 4. Nf3 Bg4 5. Be2 e6 6. O-O Be7 7. c4 Nb6 8. h3
Bh5 9. Nc3 O-O 10. Be3 d5 11. c5 Bxf3 12. Bxf3 Nc4 13. Bf4 Nc6 14. b3 N4a5 15.
Qd2 Qd7 16. Bg4 b6 1/2-1/2

[Event "Banja Luka"]
[Site "Banja Luka"]
[Date "1979.04.11"]
[Round "1"]
[White "Vukic, Milan"]
[Black "Adorjan, Andras"]
[Result "1/2-1/2"]
[WhiteElo "2485"]
[BlackElo "2525"]
[PlyCount "23"]
[EventDate "1979.04.11"]
[EventType "tourn"]
[EventRounds "15"]
[EventCountry "YUG"]
[EventCategory "10"]
[Source "ChessBase"]
[SourceDate "1998.11.10"]
[WhiteTeamCountry "GER"]
[BlackTeamCountry "HUN"]

1. d4 Nf6 2. c4 e6 3. Nf3 b6 4. g3 Ba6 5. b3 Bb4+ 6. Bd2 Be7 7. Bg2 c6 8. Bc3
O-O 9. O-O d5 10. Ne5 Nfd7 11. Nxd7 Nxd7 12. Nd2 1/2-1/2

[Event "Banja Luka"]
[Site "Banja Luka"]
[Date "1979.04.13"]
[Round "3"]
[White "Matanovic, Aleksandar"]
[Black "Adorjan, Andras"]
[Result "1/2-1/2"]
[WhiteElo "2495"]
[BlackElo "2525"]
[PlyCount "42"]
[EventDate "1979.04.11"]
[EventType "tourn"]
[EventRounds "15"]
[EventCountry "YUG"]
[EventCategory "10"]
[Source "ChessBase"]
[SourceDate "1998.11.10"]
[WhiteTeamCountry "GER"]
[BlackTeamCountry "HUN"]

1. e4 c5 2. Nf3 Nc6 3. d4 cxd4 4. Nxd4 Nf6 5. Nc3 e5 6. Ndb5 d6 7. Bg5 a6 8.
Na3 b5 9. Bxf6 gxf6 10. Nd5 f5 11. Bd3 Be6 12. Qh5 Bg7 13. O-O f4 14. c4 bxc4
15. Bxc4 O-O 16. Rac1 Rb8 17. b3 Qd7 18. Bd3 Kh8 19. Nc4 Nd4 20. Na5 Rfc8 21.
Qh4 h6 1/2-1/2

[Event "Banja Luka"]
[Site "Banja Luka"]
[Date "1979.04.15"]
[Round "5"]
[White "Kurajica, Bojan"]
[Black "Adorjan, Andras"]
[Result "1/2-1/2"]
[WhiteElo "2515"]
[BlackElo "2525"]
[PlyCount "31"]
[EventDate "1979.04.11"]
[EventType "tourn"]
[EventRounds "15"]
[EventCountry "YUG"]
[EventCategory "10"]
[Source "ChessBase"]
[SourceDate "1998.11.10"]
[WhiteTeamCountry "GER"]
[BlackTeamCountry "HUN"]

1. e4 c5 2. Nf3 e6 3. d4 cxd4 4. Nxd4 Nf6 5. Nc3 Nc6 6. Ndb5 d6 7. Bf4 e5 8.
Bg5 a6 9. Na3 b5 10. Bxf6 gxf6 11. Nd5 f5 12. Bd3 Be6 13. Qh5 Bg7 14. O-O f4
15. c4 O-O 16. Rac1 1/2-1/2

[Event "Banja Luka"]
[Site "Banja Luka"]
[Date "1979.04.16"]
[Round "6"]
[White "Bukic, Enver"]
[Black "Adorjan, Andras"]
[Result "1/2-1/2"]
[WhiteElo "2495"]
[BlackElo "2525"]
[PlyCount "27"]
[EventDate "1979.04.11"]
[EventType "tourn"]
[EventRounds "15"]
[EventCountry "YUG"]
[EventCategory "10"]
[Source "ChessBase"]
[SourceDate "1998.11.10"]
[WhiteTeamCountry "GER"]
[BlackTeamCountry "HUN"]

1. d4 Nf6 2. c4 e6 3. Nf3 b6 4. g3 Ba6 5. b3 Bb4+ 6. Bd2 Be7 7. Bg2 Bb7 8. Nc3
O-O 9. O-O Na6 10. Qc2 d5 11. cxd5 Nb4 12. Qb2 Nbxd5 13. Nxd5 Qxd5 14. Rac1
1/2-1/2

[Event "Banja Luka"]
[Site "Banja Luka"]
[Date "1979.04.19"]
[Round "9"]
[White "Adorjan, Andras"]
[Black "Browne, Walter"]
[Result "1/2-1/2"]
[WhiteElo "2525"]
[BlackElo "2540"]
[Annotator "Kerr"]
[PlyCount "30"]
[EventDate "1979.04.11"]
[EventType "tourn"]
[EventRounds "15"]
[EventCountry "YUG"]
[EventCategory "10"]
[Source "ChessBase"]
[SourceDate "1998.11.10"]
[WhiteTeamCountry "GER"]
[BlackTeamCountry "HUN"]

1. Nf3 Nf6 2. g3 b6 3. Bg2 Bb7 4. b3 e6 5. Bb2 Be7 6. O-O O-O 7. c4 c5 8. Nc3
d5 9. e3 dxc4 10. bxc4 Nc6 11. Qe2 a6 12. Rfd1 Qc7 13. d3 Rfd8 14. Rab1 Rab8
15. Ba1 Na7 {Kerr: ' Game concluded 25th May 2004'} 1/2-1/2

[Event "Banja Luka"]
[Site "Banja Luka"]
[Date "1979.04.20"]
[Round "10"]
[White "Hernandez Onna, Roman"]
[Black "Adorjan, Andras"]
[Result "1/2-1/2"]
[WhiteElo "2500"]
[BlackElo "2525"]
[PlyCount "29"]
[EventDate "1979.04.11"]
[EventType "tourn"]
[EventRounds "15"]
[EventCountry "YUG"]
[EventCategory "10"]
[Source "ChessBase"]
[SourceDate "1998.11.10"]
[WhiteTeamCountry "GER"]
[BlackTeamCountry "HUN"]

1. c4 g6 2. Nc3 c5 3. Nf3 Bg7 4. g3 Nc6 5. Bg2 e6 6. O-O Nge7 7. e3 O-O 8. d4
d6 9. b3 Nf5 10. Ne2 e5 11. Bb2 cxd4 12. exd4 e4 13. Ne1 d5 14. cxd5 Qxd5 15.
Nc2 1/2-1/2

[Event "Banja Luka"]
[Site "Banja Luka"]
[Date "1979.04.22"]
[Round "12"]
[White "Smejkal, Jan"]
[Black "Adorjan, Andras"]
[Result "1/2-1/2"]
[WhiteElo "2550"]
[BlackElo "2525"]
[PlyCount "32"]
[EventDate "1979.04.11"]
[EventType "tourn"]
[EventRounds "15"]
[EventCountry "YUG"]
[EventCategory "10"]
[Source "ChessBase"]
[SourceDate "1998.11.10"]
[WhiteTeamCountry "GER"]
[BlackTeamCountry "HUN"]

1. c4 g6 2. d4 Nf6 3. f3 c5 4. d5 d6 5. Nc3 Bg7 6. e4 O-O 7. Bg5 e6 8. Qd2 Re8
9. Bd3 exd5 10. cxd5 Nbd7 11. Nge2 a6 12. a4 Ne5 13. O-O Nxd3 14. Qxd3 Rb8 15.
Kh1 Qc7 16. Ng3 c4 1/2-1/2

[Event "Banja Luka"]
[Site "Banja Luka"]
[Date "1979.04.23"]
[Round "13"]
[White "Adorjan, Andras"]
[Black "Marjanovic, Slavoljub"]
[Result "1/2-1/2"]
[WhiteElo "2525"]
[BlackElo "2505"]
[PlyCount "46"]
[EventDate "1979.04.11"]
[EventType "tourn"]
[EventRounds "15"]
[EventCountry "YUG"]
[EventCategory "10"]
[Source "ChessBase"]
[SourceDate "1998.11.10"]
[WhiteTeamCountry "GER"]
[BlackTeamCountry "HUN"]

1. c4 e6 2. d4 d5 3. Nf3 c5 4. cxd5 exd5 5. g3 Nc6 6. Bg2 Nf6 7. O-O Be7 8. Nc3
O-O 9. Bg5 Be6 10. dxc5 Bxc5 11. Bxf6 Qxf6 12. Nxd5 Qxb2 13. Nc7 Rad8 14. Qc1
Qxc1 15. Raxc1 Be7 16. Nxe6 fxe6 17. Rc4 Bf6 18. h4 h6 19. Bh3 Rfe8 20. Rfc1
Re7 21. Re4 Kf7 22. e3 Rd6 23. Bf1 Red7 1/2-1/2

[Event "Banja Luka"]
[Site "Banja Luka"]
[Date "1979.04.24"]
[Round "14"]
[White "Knezevic, Milorad J"]
[Black "Adorjan, Andras"]
[Result "1/2-1/2"]
[WhiteElo "2500"]
[BlackElo "2525"]
[PlyCount "21"]
[EventDate "1979.04.11"]
[EventType "tourn"]
[EventRounds "15"]
[EventCountry "YUG"]
[EventCategory "10"]
[Source "ChessBase"]
[SourceDate "1998.11.10"]
[WhiteTeamCountry "GER"]
[BlackTeamCountry "HUN"]

1. d4 Nf6 2. c4 e6 3. Nc3 d5 4. Nf3 Be7 5. Bf4 O-O 6. e3 b6 7. Bd3 Bb7 8. cxd5
exd5 9. O-O a6 10. Rc1 Nbd7 11. Qe2 1/2-1/2

[Event "Baden"]
[Site "Vienna"]
[Date "1980.??.??"]
[Round "1"]
[White "Adorjan, Andras"]
[Black "Gheorghiu, Florin"]
[Result "1/2-1/2"]
[WhiteElo "2550"]
[BlackElo "2605"]
[PlyCount "40"]
[EventDate "1980.??.??"]
[EventType "tourn"]
[EventRounds "15"]
[EventCountry "AUT"]
[EventCategory "12"]
[Source "ChessBase"]
[SourceDate "1999.07.01"]
[WhiteTeamCountry "GER"]
[BlackTeamCountry "HUN"]

1. Nf3 c5 2. c4 g6 3. e4 Bg7 4. d4 Qa5+ 5. Bd2 Qb6 6. Bc3 cxd4 7. Bxd4 Bxd4 8.
Qxd4 Qxd4 9. Nxd4 Nc6 10. Nb5 Rb8 11. N1c3 Nf6 12. Nc7+ Kf8 13. N7d5 Kg7 14.
Nxf6 Kxf6 15. Be2 d6 16. Nd5+ Kg7 17. O-O Be6 18. Rfd1 Rhc8 19. Rdc1 Kf8 20. b3
b6 1/2-1/2

[Event "Baden"]
[Site "Vienna"]
[Date "1980.??.??"]
[Round "4"]
[White "Byrne, Robert"]
[Black "Adorjan, Andras"]
[Result "1/2-1/2"]
[WhiteElo "2530"]
[BlackElo "2550"]
[PlyCount "42"]
[EventDate "1980.??.??"]
[EventType "tourn"]
[EventRounds "15"]
[EventCountry "AUT"]
[EventCategory "12"]
[Source "ChessBase"]
[SourceDate "1999.07.01"]
[WhiteTeamCountry "GER"]
[BlackTeamCountry "HUN"]

1. e4 c5 2. Nf3 Nc6 3. d4 cxd4 4. Nxd4 Nf6 5. Nc3 e6 6. Ndb5 d6 7. Bf4 e5 8.
Bg5 a6 9. Na3 b5 10. Nd5 Be7 11. Bxf6 Bxf6 12. c3 O-O 13. Nc2 Bg5 14. a4 bxa4
15. Rxa4 a5 16. Bc4 Rb8 17. b3 Kh8 18. O-O f5 19. exf5 Bxf5 20. Nce3 Be6 21.
Qd3 Rb7 1/2-1/2

[Event "Baden"]
[Site "Vienna"]
[Date "1980.??.??"]
[Round "5"]
[White "Adorjan, Andras"]
[Black "Gligoric, Svetozar"]
[Result "1/2-1/2"]
[WhiteElo "2550"]
[BlackElo "2565"]
[Annotator "ChessBase"]
[PlyCount "66"]
[EventDate "1980.??.??"]
[EventType "tourn"]
[EventRounds "15"]
[EventCountry "AUT"]
[EventCategory "12"]
[Source "ChessBase"]
[SourceDate "1999.07.01"]
[WhiteTeamCountry "GER"]
[BlackTeamCountry "HUN"]

1. e4 e5 2. Nf3 Nc6 3. Bb5 a6 4. Ba4 Nf6 5. O-O Be7 6. Re1 b5 7. Bb3 d6 8. c3
O-O 9. h3 Bb7 10. d4 Re8 11. Nbd2 Bf8 12. a3 h6 13. Bc2 Nb8 14. b4 Nbd7 15. Bb2
c5 16. d5 c4 17. a4 g6 18. Nb1 (18. Nf1 $5 {/\ g4,Ng3,Bc1}) 18... Nb6 19. Na3
Qd7 20. Bc1 Bg7 21. Be3 (21. axb5 axb5 22. Be3 Ra6) 21... Nxa4 $1 22. Bxa4 Nxe4
$1 23. Bc2 Nf6 (23... Nxc3 24. Qd2 e4 25. Nd4) 24. Nxc4 $1 bxc4 25. Ba4 Qf5 26.
Bxe8 Rxe8 27. Ra5 Rc8 28. Qd2 g5 $44 29. b5 axb5 30. Rxb5 Ba8 31. Ra5 Bb7 32.
Rb5 Ba8 33. Ra5 Bb7 1/2-1/2

[Event "Baden"]
[Site "Vienna"]
[Date "1980.??.??"]
[Round "8"]
[White "Liberzon, Vladimir"]
[Black "Adorjan, Andras"]
[Result "1-0"]
[WhiteElo "2545"]
[BlackElo "2550"]
[PlyCount "90"]
[EventDate "1980.??.??"]
[EventType "tourn"]
[EventRounds "15"]
[EventCountry "AUT"]
[EventCategory "12"]
[Source "ChessBase"]
[SourceDate "1999.07.01"]
[WhiteTeamCountry "GER"]
[BlackTeamCountry "HUN"]

1. c4 c5 2. Nf3 Nf6 3. Nc3 e6 4. g3 b6 5. Bg2 Bb7 6. O-O Be7 7. d4 cxd4 8. Qxd4
d6 9. b3 O-O 10. Bb2 a6 11. Rfd1 Nbd7 12. e4 Qc7 13. Qe3 Rfe8 14. Nd4 Bf8 15.
Rac1 Rad8 16. Re1 Qb8 17. Qd2 Nc5 18. Re2 Ba8 19. Rce1 g6 20. Qc2 Bg7 21. Rd1
Bb7 22. Qb1 Qa8 23. Rde1 Rc8 24. h3 Red8 25. Nf3 Nfxe4 26. Nxe4 Bxb2 27. Qxb2
Nxe4 28. Nh2 Nc5 29. Bxb7 Qxb7 30. Ng4 e5 31. Rxe5 dxe5 32. Qxe5 Ne6 33. Nf6+
Kh8 34. Ne8+ f6 35. Qxf6+ Kg8 36. Qxe6+ Qf7 37. Nf6+ Kg7 38. Qxf7+ Kxf7 39.
Nxh7 Rd2 40. Ng5+ Kf8 41. Re6 b5 42. Rxa6 bxc4 43. bxc4 Kg7 44. Ra7+ Kg8 45. c5
Rc2 1-0

[Event "Baden"]
[Site "Vienna"]
[Date "1980.??.??"]
[Round "9"]
[White "Adorjan, Andras"]
[Black "Janetschek, Karl"]
[Result "1/2-1/2"]
[WhiteElo "2550"]
[BlackElo "2325"]
[PlyCount "31"]
[EventDate "1980.??.??"]
[EventType "tourn"]
[EventRounds "15"]
[EventCountry "AUT"]
[EventCategory "12"]
[Source "ChessBase"]
[SourceDate "1999.07.01"]
[WhiteTeamCountry "GER"]
[BlackTeamCountry "HUN"]

1. e4 d6 2. d4 Nf6 3. Nc3 g6 4. Nf3 Bg7 5. Be2 O-O 6. O-O Na6 7. Re1 c5 8. d5
Nc7 9. h3 e6 10. dxe6 Bxe6 11. Bf4 d5 12. Bxc7 Qxc7 13. e5 Nd7 14. Nxd5 Bxd5
15. Qxd5 Nxe5 16. Nxe5 1/2-1/2

[Event "Baden"]
[Site "Vienna"]
[Date "1980.??.??"]
[Round "10"]
[White "Stean, Michael"]
[Black "Adorjan, Andras"]
[Result "1/2-1/2"]
[WhiteElo "2530"]
[BlackElo "2550"]
[PlyCount "41"]
[EventDate "1980.??.??"]
[EventType "tourn"]
[EventRounds "15"]
[EventCountry "AUT"]
[EventCategory "12"]
[Source "ChessBase"]
[SourceDate "1999.07.01"]
[WhiteTeamCountry "GER"]
[BlackTeamCountry "HUN"]

1. Nf3 Nf6 2. c4 c5 3. d4 cxd4 4. Nxd4 e6 5. g3 Bb4+ 6. Bd2 Qb6 7. Bg2 Bc5 8.
e3 Bxd4 9. exd4 Qxd4 10. O-O Nc6 11. Na3 O-O 12. Bc3 Qc5 13. Qd2 Qe7 14. Nb5 d5
15. Bxf6 Qxf6 16. cxd5 Rd8 17. Qc3 Qxc3 18. Nxc3 exd5 19. Nxd5 Kf8 20. Rfc1 Bd7
21. Nc7 1/2-1/2

[Event "Baden"]
[Site "Vienna"]
[Date "1980.??.??"]
[Round "11"]
[White "Adorjan, Andras"]
[Black "Vaganian, Rafael"]
[Result "1/2-1/2"]
[WhiteElo "2550"]
[BlackElo "2590"]
[PlyCount "77"]
[EventDate "1980.??.??"]
[EventType "tourn"]
[EventRounds "15"]
[EventCountry "AUT"]
[EventCategory "12"]
[Source "ChessBase"]
[SourceDate "1999.07.01"]
[WhiteTeamCountry "GER"]
[BlackTeamCountry "HUN"]

1. e4 e6 2. d4 d5 3. Nd2 c5 4. Ngf3 Nf6 5. exd5 exd5 6. Bb5+ Bd7 7. Bxd7+ Nbxd7
8. O-O Be7 9. dxc5 Nxc5 10. Nd4 O-O 11. Nf5 Re8 12. Nxe7+ Qxe7 (12... Rxe7 13.
Nb3 Ne6 14. Be3 Rc8 15. Nd4 a6 {Gipslis,A-Fuchs,R/Tbilisi/1965/1/2-1/2/}) 13.
Nf3 Rad8 14. c3 Nfe4 15. Be3 Rd6 16. Re1 b6 17. Qc2 Rg6 18. Rad1 Qf6 19. Nd4
Ne6 20. Ne2 Rd8 21. Ng3 Nxg3 22. hxg3 Rg4 23. Rd2 h5 24. Qd1 Qf5 25. Qf3 Qe5
26. Red1 Re4 27. Bd4 Qg5 28. Be3 Qe5 29. Bd4 Qg5 30. Be3 Qe5 31. Rd3 Rd6 32.
R1d2 h4 33. gxh4 Rxh4 34. Rxd5 Rxd5 35. Qxd5 Qh2+ 36. Kf1 Qh1+ 37. Ke2 Qb1 38.
a3 Rh1 39. Kf3 1/2-1/2

[Event "Baden"]
[Site "Vienna"]
[Date "1980.??.??"]
[Round "13"]
[White "Adorjan, Andras"]
[Black "Hoelzl, Franz"]
[Result "1-0"]
[WhiteElo "2550"]
[BlackElo "2415"]
[PlyCount "79"]
[EventDate "1980.??.??"]
[EventType "tourn"]
[EventRounds "15"]
[EventCountry "AUT"]
[EventCategory "12"]
[Source "ChessBase"]
[SourceDate "1999.07.01"]
[WhiteTeamCountry "GER"]
[BlackTeamCountry "HUN"]

1. c4 Nf6 2. Nc3 c5 3. g3 g6 4. Bg2 Bg7 5. e3 O-O 6. Nge2 Nc6 7. O-O d6 8. d4
Bd7 9. b3 Rb8 10. Bb2 a6 11. dxc5 dxc5 12. Na4 b6 13. Nf4 Na5 14. Nc3 b5 15.
cxb5 axb5 16. Ne4 Nxe4 17. Bxg7 Kxg7 18. Bxe4 Nb7 19. Rc1 Nd6 20. Bf3 c4 21.
Qd4+ Kg8 22. Rfd1 cxb3 23. axb3 Rc8 24. Rxc8 Bxc8 25. h4 h6 26. Qe5 Re8 27. Bd5
Bf5 28. h5 Bg4 29. f3 Bxh5 30. g4 Bxg4 31. fxg4 Qc8 32. Ne6 f6 33. Qb2 Kh7 34.
Rc1 Qb8 35. Rc7 Qb6 36. Qd4 Qa5 37. b4 Qa3 38. Kh2 Kg8 39. Ra7 Qc1 40. Nc7+ 1-0

[Event "Baden"]
[Site "Vienna"]
[Date "1980.??.??"]
[Round "14"]
[White "Adorjan, Andras"]
[Black "Smejkal, Jan"]
[Result "1/2-1/2"]
[WhiteElo "2550"]
[BlackElo "2565"]
[Annotator "ChessBase"]
[PlyCount "113"]
[EventDate "1980.??.??"]
[EventType "tourn"]
[EventRounds "15"]
[EventCountry "AUT"]
[EventCategory "12"]
[Source "ChessBase"]
[SourceDate "1999.07.01"]
[WhiteTeamCountry "GER"]
[BlackTeamCountry "HUN"]

1. e4 e5 2. Nf3 Nc6 3. Bb5 a6 4. Ba4 Nf6 5. O-O Be7 6. Re1 b5 7. Bb3 d6 8. c3
O-O 9. h3 Bb7 10. d4 Re8 11. Nbd2 Bf8 12. a3 h6 13. Ba2 Nb8 14. Qb3 (14. Qe2 c5
$10) 14... Qd7 (14... Qe7 $2 15. dxe5 dxe5 16. Nh4) 15. Qc2 c5 16. b4 c4 $13
17. d5 Nh5 18. Nf1 g6 19. Ng3 Nxg3 (19... Nf4 $2 20. Bxf4 exf4 21. Ne2 g5 22.
Ned4 $16) 20. fxg3 a5 $1 (20... Bg7 21. a4) 21. Be3 Bg7 22. Re2 axb4 23. axb4
f5 24. Rf1 fxe4 25. Nh4 (25. Qxe4 $5) 25... Bxd5 26. Bb1 Qe6 27. Qd2 Kh7 28.
Rd1 Ra1 29. Qb2 Ra6 30. Bf2 Bb7 31. Rxe4 $1 $44 d5 32. Rg4 e4 33. Rxg6 Qf7 34.
Rxa6 Nxa6 35. g4 Bc8 36. Be3 Qf6 37. g5 hxg5 38. Nf3 Kg8 39. Nxg5 Nc7 40. Rc1
d4 41. Rf1 Qg6 42. cxd4 Nd5 43. Bc1 Bf6 44. Qf2 Qg7 45. Qh4 Nc3 46. Qh5 Rf8 47.
Be3 Bxg5 48. Rxf8+ Kxf8 49. Bxg5 Qxd4+ 50. Kh2 Nxb1 51. Bf4 Qf6 52. Be5 Qf5 53.
Bd6+ Kg7 54. Be5+ Kf8 55. Bd6+ Kg7 56. Be5+ Kf8 57. Bd6+ 1/2-1/2

[Event "Vrbas"]
[Site "Vrbas"]
[Date "1980.??.??"]
[Round "?"]
[White "Adorjan, Andras"]
[Black "Jussupow, Artur"]
[Result "1/2-1/2"]
[WhiteElo "2550"]
[BlackElo "2485"]
[PlyCount "45"]
[EventDate "1980.??.??"]
[EventType "tourn"]
[EventRounds "11"]
[EventCountry "YUG"]
[Source "ChessBase"]
[SourceDate "1998.11.10"]
[WhiteTeamCountry "GER"]
[BlackTeamCountry "HUN"]

1. e4 e5 2. Nf3 Nf6 3. Nxe5 d6 4. Nf3 Nxe4 5. d4 d5 6. Bd3 Be7 7. O-O Nc6 8.
Re1 Bg4 9. c4 Nf6 10. cxd5 Nxd5 11. Nc3 O-O 12. Be4 Be6 13. a3 Bf6 14. Na4 Bg4
15. Qd3 Bxf3 16. Qxf3 Nce7 17. Nc5 b6 18. Qh3 Ng6 19. Nd7 Re8 20. Bd2 c6 21.
Bxd5 Rxe1+ 22. Rxe1 cxd5 23. Nxf6+ 1/2-1/2

[Event "Vrbas"]
[Site "Vrbas"]
[Date "1980.??.??"]
[Round "?"]
[White "Adorjan, Andras"]
[Black "Kurajica, Bojan"]
[Result "1/2-1/2"]
[WhiteElo "2550"]
[BlackElo "2505"]
[PlyCount "41"]
[EventDate "1980.??.??"]
[EventType "tourn"]
[EventRounds "11"]
[EventCountry "YUG"]
[Source "ChessBase"]
[SourceDate "1998.11.10"]
[WhiteTeamCountry "GER"]
[BlackTeamCountry "HUN"]

1. e4 c5 2. Nf3 d6 3. d4 cxd4 4. Nxd4 Nf6 5. Nc3 e6 6. Be2 Be7 7. f4 Nc6 8. Be3
Bd7 9. O-O a6 10. Qe1 O-O 11. Qg3 Qb8 12. Kh1 b5 13. e5 dxe5 14. fxe5 Nxe5 15.
Rxf6 Bxf6 16. Bf4 Qb6 17. Bxe5 Bxe5 18. Qxe5 f6 19. Qe4 b4 20. Nd1 e5 21. Qd5+
1/2-1/2